Municípios de Mato Grosso atual / (Record no. 1219)

MARC details
000 -LÍDER
Campo Fixo de Controle 00551nam a2200193 a 4500
001 - NÚMERO DE CONTROLE
Campo de Controle 1219
003 - IDENTIFICAÇÃO DO NÚMERO DE CONTROLE
Campo de Controle BR-CuiBMT
005 - DATA E HORA DA ÚLTIMA ATUALIZAÇÃO
Campo de Controle 20231204192729.0
008 - DADOS FIXOS
Dados Fixos 231201s2012 mtba 000 0 por d
040 ## - AGÊNCIA CATALOGADORA
Código da Agência Catalogadora BR-CuiBMT
Agência que transcreveu o registro BR-CuiBMT
080 ## - Nº DA CLASSIFICAÇÃO DECIMAL UNIVERSAL
Nº Class. CDU 94
Subd. Auxiliar Comum (817.2)
Nº edição CDU 2007
090 ## - NÚMERO DE CHAMADA
Nº classificação 94(817.2)
Cutter M842m
100 10 - ENTRADA PRINCIPAL -- AUTOR PESSOAL
Nome pessoal Morelli, Irineu
245 ## - TÍTULO PRINCIPAL
Título principal Municípios de Mato Grosso atual /
Indicação de responsabilidade Irineu Morelli.
260 ## - PUBLICAÇÃO, DISTRIBUIÇÃO, ETC.
Local de publicação Cuiabá :
Editora Pan Dan,
Data 2012.
300 ## - DESCRIÇÃO FÍSICA
N. páginas ou volumes 232 p. :
Ilustrações il. (algumas color.)
Dimensões 28 cm
650 ## - ASSUNTO TÓPICO
Cabeçalho tópico ou nome geográfico Mato Grosso
Subdivisão geral Municípios
-- História
942 ## - ELEMENTOS DE ENTRADA ADICIONAIS (KOHA)
Fonte de classificação ou esquema de arquivamento Classificação Decimal Universal
Tipo de item do Koha Livros
Holdings
Estado: removido Estado: perdido Fonte de classificação ou esquema de arquivamento Estado: danificado Indisponível para empréstimo Localização permanente Localização atual Data de aquisição Total Checkouts Número de Chamada completo Código de barras Date last seen Número do exemplar Preço efetivo a partir de Tipo de item (Koha)
    Classificação Decimal Universal     Biblioteca da Escola Superior de Contas do TCE/MT Biblioteca da Escola Superior de Contas do TCE/MT 01/12/2023   94(817.2) M842m BIBTCEMT23120021 01/12/2023 Ex. 1 01/12/2023 Livros
    Classificação Decimal Universal     Biblioteca da Escola Superior de Contas do TCE/MT Biblioteca da Escola Superior de Contas do TCE/MT 26/03/2024   94(817.2) M842m BIBTCEMT24030022 26/03/2024 Ex. 2 26/03/2024 Livros
    Classificação Decimal Universal     Biblioteca da Escola Superior de Contas do TCE/MT Biblioteca da Escola Superior de Contas do TCE/MT 26/03/2024   94(817.2) M842m BIBTCEMT24030023 26/03/2024 Ex. 3 26/03/2024 Livros
    Classificação Decimal Universal     Biblioteca da Escola Superior de Contas do TCE/MT Biblioteca da Escola Superior de Contas do TCE/MT 26/03/2024   94(817.2) M842m BIBTCEMT24030024 26/03/2024 Ex. 4 26/03/2024 Livros
    Classificação Decimal Universal     Biblioteca da Escola Superior de Contas do TCE/MT Biblioteca da Escola Superior de Contas do TCE/MT 26/03/2024   94(817.2) M842m BIBTCEMT24030025 26/03/2024 Ex. 5 26/03/2024 Livros
    Classificação Decimal Universal     Biblioteca da Escola Superior de Contas do TCE/MT Biblioteca da Escola Superior de Contas do TCE/MT 26/03/2024   94(817.2) M842m BIBTCEMT24030026 26/03/2024 Ex. 6 26/03/2024 Livros

Powered by Koha